[Event "Krapina op 12th"]
[Site "Krapina"]
[Date "2024.01.20"]
[Round "4"]
[White "Duric, Leon"]
[Black "Vujcic, Toni"]
[Result "0-1"]
[WhiteElo "1859"]
[BlackElo "2124"]
[PlyCount "114"]
[EventDate "2024.01.19"]
[EventType "swiss"]
[EventRounds "7"]
[EventCountry "CRO"]
[SourceTitle "CB06_2024"]
[SourceDate "2024.02.07"]
[SourceVersion "1"]
[SourceVersionDate "2024.02.07"]
[SourceQuality "1"]

1. e4 d6 2. d4 Nf6 3. Bd3 e5 4. dxe5 dxe5 5. h3 Nc6 6. Nf3 Bc5 7. 0-0 0-0 8. Qe2 Qe7 9. a3 a5 10. Be3 Rd8 11. Nc3 Bxe3 12. Qxe3 Nd4 13. Ne2 Nxf3+ 14. Qxf3 Qc5 15. Rfd1 Be6 16. Nc3 c6 17. Na4 Qa7 18. Nc3 b5 19. Ne2 Qc5 20. Ng3 a4 21. Nf5 g6 22. Ne3 Kg7 23. g4 Rd7 24. Kg2 Rad8 25. Rh1 Rd4 26. h4 h5 27. g5 Ne8 28. Rhd1 Kg8 29. Qe2 Nc7 30. c3 R4d6 31. Bc2 Bb3 32. Bxb3 axb3 33. Rxd6 Rxd6 34. Rd1 Ne6 35. Kg3 Nf4 36. Qf1 Kg7 37. Ng2 Ne6 38. Ne3 Kf8 39. Kf3 Ke7 40. Ng2 f6 41. gxf6+ Kxf6 42. Kg3 Ke7 43. f4 exf4+ 44. Kf3 g5 45. Rxd6 g4+ 46. Ke2 f3+ 47. Ke1 Kxd6 48. Qd3+ Ke5 49. Ne3 Nf4 50. Qd2 Qxe3+ 51. Qxe3 Ng2+ 52. Kf2 Nxe3 53. Kxe3 f2 54. Kxf2 Kxe4 55. Ke2 g3 56. c4 bxc4 57. a4 c3 0-1

[Event "WchT ICSC Silent 19th"]
[Site "Chiavenna"]
[Date "2019.12.17"]
[Round "6.3"]
[White "Filippskikh, Oleksii"]
[Black "Vujcic, Toni"]
[Result "0-1"]
[WhiteElo "1967"]
[BlackElo "2042"]
[PlyCount "52"]
[EventDate "2019.12.14"]
[EventType "team-tourn"]
[EventRounds "9"]
[EventCountry "ITA"]
[SourceTitle "CBM 193 Extra"]
[Source "ChessBase"]
[SourceDate "2020.01.31"]
[SourceVersion "1"]
[SourceVersionDate "2020.01.31"]
[SourceQuality "1"]
[WhiteTeam "Ukraine"]
[BlackTeam "Croatia"]
[WhiteTeamCountry "UKR"]
[BlackTeamCountry "CRO"]

1. Nf3 g6 2. g3 Bg7 3. d4 d5 4. Bg2 Nf6 5. 0-0 0-0 6. c4 c6 7. b3 dxc4 8. bxc4 c5 9. Bb2 Qb6 10. Qb3 Nc6 11. dxc5 Qxc5 12. Qb5 Qd6 13. Nc3 a6 14. c5 axb5 15. cxd6 b4 16. dxe7 Nxe7 17. Nb5 Ra4 18. Nfd4 Nfd5 19. e3 Bd7 20. Nd6 Bc6 21. Rfc1 Rfa8 22. e4 Nc3 23. Bxc3 bxc3 24. Nxc6 Nxc6 25. e5 Bxe5 26. Bxc6 bxc6 0-1

[Event "Zagreb Damjanovic Memorial 3rd"]
[Site "Zagreb"]
[Date "2019.11.17"]
[Round "9"]
[White "Glazar, Domagoj"]
[Black "Vujcic, Toni"]
[Result "1-0"]
[WhiteElo "2114"]
[BlackElo "2068"]
[PlyCount "99"]
[EventDate "2019.11.09"]
[EventType "swiss"]
[EventRounds "9"]
[EventCountry "CRO"]
[SourceTitle "CBM 193 Extra"]
[Source "ChessBase"]
[SourceDate "2020.01.31"]
[SourceVersion "1"]
[SourceVersionDate "2020.01.31"]
[SourceQuality "1"]

1. d4 d5 2. Bf4 Nf6 3. e3 e6 4. Nf3 c5 5. c3 Nc6 6. Bd3 Bd6 7. Bg3 0-0 8. 0-0 Bxg3 9. hxg3 Qd6 10. Bb5 Nd7 11. Nbd2 a6 12. Bxc6 bxc6 13. e4 cxd4 14. cxd4 c5 15. dxc5 Qxc5 16. Nb3 Qc4 17. exd5 Qxd5 18. Qxd5 exd5 19. Rfd1 Nf6 20. Nbd4 Re8 21. b4 Bd7 22. Rac1 Rab8 23. a3 Rbc8 24. Nd2 Ba4 25. Rf1 g6 26. N2b3 Ne4 27. g4 Rc4 28. f3 Nc3 29. Rfe1 Rec8 30. Nc5 Rxd4 31. Rxc3 Bb5 32. a4 Bc4 33. Nd7 Rd2 34. Rec1 Rd8 35. Nb6 Re8 36. Nxc4 dxc4 37. R1c2 Re1+ 38. Kh2 Rdd1 39. Rxc4 Ra1 40. a5 Reb1 41. Rf4 Ra4 42. Rc8+ Kg7 43. Rc7 Rbxb4 44. Rcxf7+ Kh6 45. Rxb4 Rxb4 46. Rf6 Ra4 47. Rxa6 Kg5 48. Ra7 h6 49. Kg3 Ra3 50. a6 1-0

[Event "Malinska Krk op"]
[Site "Malinska"]
[Date "2019.11.03"]
[Round "5"]
[White "Plesec, Damjan"]
[Black "Vujcic, Toni"]
[Result "1-0"]
[WhiteElo "2209"]
[BlackElo "2081"]
[PlyCount "143"]
[EventDate "2019.10.30"]
[EventType "swiss"]
[EventRounds "5"]
[EventCountry "CRO"]
[SourceTitle "CBM 192 Extra"]
[Source "Chessbase"]
[SourceDate "2019.11.06"]
[SourceVersion "1"]
[SourceVersionDate "2019.11.06"]
[SourceQuality "1"]

1. d4 Nf6 2. Nf3 e6 3. c4 b6 4. Nc3 Bb4 5. Qb3 Bxc3+ 6. Qxc3 Ne4 7. Qe3 f5 8. Ng5 Nxg5 9. Qxg5 Qxg5 10. Bxg5 Bb7 11. f3 d6 12. Rg1 0-0 13. 0-0-0 Nd7 14. e3 h6 15. Bh4 a5 16. Bd3 Rae8 17. Bc2 Bc6 18. Be1 Nf6 19. Bc3 d5 20. b3 Bb7 21. c5 Nd7 22. cxb6 cxb6 23. Bd3 Rc8 24. Kd2 Rc7 25. Rc1 Rfc8 26. g4 fxg4 27. Rxg4 Nf6 28. Rg6 Kh8 29. Bb2 Rxc1 30. Bxc1 Bc6 31. Ba3 Be8 32. Rg1 a4 33. bxa4 Ra8 34. Bb4 Bxa4 35. Bd6 Bd7 36. a3 Ne8 37. Be7 Kg8 38. Bg6 Nc7 39. Rb1 Nb5 40. Rb3 Ra7 41. Bd3 Kf7 42. Bb4 Ra4 43. Kc1 g5 44. Kb2 Ra7 45. Bd2 Nd6 46. Rxb6 Nc4+ 47. Bxc4 dxc4 48. d5 exd5 49. Rxh6 Bf5 50. Bb4 Ra8 51. Kc3 g4 52. Rh5 Ke6 53. f4 Be4 54. Kd4 Rc8 55. Kc3 Ra8 56. Rh6+ Kf5 57. Be7 g3 58. hxg3 Kg4 59. Bc5 Rb8 60. Rb6 Rh8 61. a4 Rh2 62. Rb2 Rh1 63. Bd4 Ra1 64. Kb4 Bd3 65. a5 Kf5 66. g4+ Ke4 67. f5 Rf1 68. f6 c3 69. Kxc3 Rc1+ 70. Kb4 Rc4+ 71. Ka3 Bc2 72. Rb4 1-0

[Event "Malinska Krk op"]
[Site "Malinska"]
[Date "2019.11.02"]
[Round "3"]
[White "Cucancic, Sinisa"]
[Black "Vujcic, Toni"]
[Result "1-0"]
[WhiteElo "2237"]
[BlackElo "2081"]
[PlyCount "53"]
[EventDate "2019.10.30"]
[EventType "swiss"]
[EventRounds "5"]
[EventCountry "CRO"]
[SourceTitle "CBM 192 Extra"]
[Source "Chessbase"]
[SourceDate "2019.11.06"]
[SourceVersion "1"]
[SourceVersionDate "2019.11.06"]
[SourceQuality "1"]

1. c4 Nf6 2. Nc3 e5 3. e3 d5 4. cxd5 Nxd5 5. Nf3 Nxc3 6. bxc3 Nc6 7. d4 Bd6 8. Bb5 exd4 9. cxd4 0-0 10. 0-0 Bg4 11. Bb2 Qf6 12. Be2 Rad8 13. Nd2 Qh6 14. g3 Bh3 15. Re1 Bb4 16. Rc1 Rfe8 17. a3 Ba5 18. Bc3 Bxc3 19. Rxc3 Qe6 20. Qb1 Qd6 21. Ne4 Qd5 22. Bf3 Qa5 23. Rec1 Kh8 24. Qxb7 Qf5 25. Qxc6 Qxf3 26. Ng5 Qf5 27. Rc5 1-0

[Event "WchT Silent"]
[Site "Opatija"]
[Date "2014.06.27"]
[Round "9.2"]
[White "Vujcic, Toni"]
[Black "Ghadimi, Mohammed Reza"]
[Result "1/2-1/2"]
[WhiteElo "2158"]
[BlackElo "2152"]
[PlyCount "170"]
[EventDate "2014.06.19"]
[EventType "team-swiss"]
[EventRounds "9"]
[EventCountry "CRO"]
[SourceTitle "CBM 161 Extra"]
[Source "ChessBase"]
[SourceDate "2014.08.29"]
[SourceVersion "1"]
[SourceVersionDate "2014.08.29"]
[SourceQuality "1"]
[WhiteTeam "Croatia"]
[BlackTeam "Germany"]
[WhiteTeamCountry "CRO"]
[BlackTeamCountry "GER"]

1. Nf3 c5 2. c4 Nf6 3. g3 d5 4. cxd5 Nxd5 5. Bg2 Nc6 6. 0-0 Nc7 7. Nc3 g6 8. d3 Rb8 9. Bf4 Bg7 10. Qa4 Bd7 11. Ne4 b6 12. Rab1 Rc8 13. a3 Ne6 14. Bd2 0-0 15. Bc3 Ncd4 16. Qd1 Nxf3+ 17. Bxf3 Nd4 18. Bg2 Bg4 19. f3 Be6 20. e3 Bb3 21. Qd2 Ne6 22. Bxg7 Nxg7 23. Qc3 Bd5 24. Rfd1 Bxe4 25. dxe4 Qc7 26. Rd5 e6 27. Rd2 Rcd8 28. Rbd1 Rxd2 29. Qxd2 Rc8 30. Bf1 Ne8 31. Bc4 Kf8 32. f4 Ke7 33. e5 Rd8 34. Qxd8+ Qxd8 35. Rxd8 Kxd8 36. Kf2 Nc7 37. e4 Kd7 38. Ke3 b5 39. Be2 Kc6 40. g4 a5 41. h4 Na8 42. g5 Nb6 43. h5 c4 44. f5 Kd7 45. Kd4 exf5 46. exf5 gxf5 47. Bf3 Ke7 48. Bc6 Na4 49. Bxb5 Nxb2 50. Bc6 Nd3 51. Bd5 Nf4 52. Bxc4 Nxh5 53. Ke3 Kf8 54. Bd3 f4+ 55. Kf3 Kg8 56. Kg4 Ng7 57. Kxf4 Ne6+ 58. Kg4 Kg7 59. Bc4 Nd4 60. Kf4 Nc2 61. a4 Nb4 62. Kf5 Nc6 63. Bd3 Nd4+ 64. Ke4 Ne6 65. Kf5 Nc5 66. Bc2 Ne6 67. Bd1 Nc7 68. Bb3 Na6 69. Bc4 Nc5 70. Bb5 Nb3 71. Bc4 Nc5 72. Bb5 Ne6 73. Bd7 Nd4+ 74. Ke4 Ne6 75. Kd5 Nxg5 76. Kc5 Kf8 77. Kb5 Ke7 78. Bg4 Kd8 79. Kxa5 Kc7 80. Kb5 Kb7 81. Kc5 Ka6 82. Kd6 Ka5 83. Bd1 h5 84. Bxh5 f6 85. exf6 Ne4+ 1/2-1/2

[Event "WchT Silent"]
[Site "Opatija"]
[Date "2014.06.25"]
[Round "7.3"]
[White "Chojnowski, Marcin"]
[Black "Vujcic, Toni"]
[Result "1-0"]
[WhiteElo "2084"]
[BlackElo "2158"]
[PlyCount "115"]
[EventDate "2014.06.19"]
[EventType "team-swiss"]
[EventRounds "9"]
[EventCountry "CRO"]
[SourceTitle "CBM 161 Extra"]
[Source "ChessBase"]
[SourceDate "2014.08.29"]
[SourceVersion "1"]
[SourceVersionDate "2014.08.29"]
[SourceQuality "1"]
[WhiteTeam "Poland"]
[BlackTeam "Croatia"]
[WhiteTeamCountry "POL"]
[BlackTeamCountry "CRO"]

1. e4 c6 2. Nf3 d5 3. Nc3 dxe4 4. Nxe4 Bf5 5. Ng3 Bg6 6. h4 h6 7. Ne5 Qd6 8. Nxg6 Qxg6 9. d4 Qe6+ 10. Be3 Nf6 11. Be2 g6 12. h5 g5 13. Bd3 Qd6 14. Qe2 e6 15. 0-0-0 Nbd7 16. Rhf1 Nd5 17. Ne4 Qc7 18. g3 0-0-0 19. f4 Nxe3 20. Qxe3 c5 21. fxg5 cxd4 22. Qxd4 Ne5 23. Qxa7 hxg5 24. Ba6 Be7 25. Qa8+ Qb8 26. Bxb7+ Kc7 27. Qa6 Qxb7 28. Qa5+ Kc8 29. Qxe5 Rxh5 30. Rxd8+ Kxd8 31. Rd1+ Ke8 32. Nd6+ Bxd6 33. Qxd6 Qc8 34. Qd4 Rh2 35. c4 Qa8 36. c5 Rh1 37. Qd7+ Kf8 38. c6 Rxd1+ 39. Kxd1 Qxa2 40. Qd8+ Kg7 41. Qxg5+ Kh7 42. Qh4+ Kg6 43. Qg4+ Kf6 44. Qd4+ e5 45. Qd8+ Kf5 46. Qd7+ Ke4 47. Kc2 Qa4+ 48. b3 Qa2+ 49. Kc3 Qa5+ 50. b4 Qb5 51. Qd6 Qa6 52. Qd7 Qb5 53. g4 Ke3 54. Qd6 Kf4 55. c7 Qb7 56. Qd8 Qc6+ 57. Kb3 Qe6+ 58. Kb2 1-0

[Event "CRO-chT2 South"]
[Site "Croatia"]
[Date "2014.04.27"]
[Round "3.1"]
[White "Sevelj, Berislav"]
[Black "Vujcic, Toni"]
[Result "1-0"]
[WhiteElo "2005"]
[BlackElo "2184"]
[PlyCount "138"]
[EventDate "2014.04.25"]
[EventType "team-tourn"]
[EventRounds "9"]
[EventCountry "CRO"]
[SourceTitle "EXT 2019"]
[Source "ChessBase"]
[SourceDate "2018.10.10"]
[SourceVersion "1"]
[SourceVersionDate "2018.10.10"]
[SourceQuality "1"]

1. e4 d6 2. Nf3 Nf6 3. Nc3 e5 4. Be2 Be7 5. 0-0 0-0 6. d4 Nbd7 7. Bg5 exd4 8. Qxd4 Nc5 9. b4 Ne6 10. Qd2 Nxg5 11. Nxg5 Ng4 12. Nf3 c6 13. Rad1 a5 14. b5 a4 15. h3 Nf6 16. Qe3 Nd7 17. Rd4 Nc5 18. Rfd1 Qa5 19. bxc6 bxc6 20. Nb1 Be6 21. Bc4 Bxc4 22. Rxc4 Rfb8 23. Nd4 Qa6 24. Na3 Bf8 25. Nf5 Nb7 26. Qc3 Rc8 27. Rcd4 Qa5 28. Qb2 Nc5 29. Nc4 a3 30. Qa1 Qc7 31. Ncxd6 Rcb8 32. e5 Rb2 33. Rg4 g6 34. Ne3 Na4 35. Nec4 Rxc2 36. Nxa3 Re2 37. Nac4 Bg7 38. Rf4 Rf8 39. Rd3 Qe7 40. Qd1 Rxa2 41. Rdf3 Bxe5 42. Nxe5 Qxe5 43. Nxf7 Qa1 44. Qxa1 Rxa1+ 45. Kh2 Kg7 46. Kg3 c5 47. Ne5 Rxf4 48. Rxf4 Nb6 49. Rf7+ Kg8 50. Rc7 Rc1 51. Nf7 c4 52. Ng5 c3 53. Nxh7 c2 54. Nf6+ Kf8 55. h4 Na4 56. Ng4 Nb2 57. Ne3 Nd3 58. Rxc2 Ra1 59. Ng4 Kf7 60. Rc7+ Ke6 61. Rg7 Kf5 62. Rf7+ Ke4 63. f3+ Kd4 64. Rd7+ Kc3 65. Rd6 Ra2 66. Rxg6 Rxg2+ 67. Kxg2 Nf4+ 68. Kg3 Nxg6 69. h5 Nf8 1-0

[Event "CRO-chT2S"]
[Site "Makarska"]
[Date "2013.10.04"]
[Round "4.2"]
[White "Vujcic, Toni"]
[Black "Jakic, Ivan"]
[Result "0-1"]
[WhiteElo "2138"]
[BlackElo "2409"]
[PlyCount "104"]
[EventDate "2013.04.05"]
[EventType "team-tourn"]
[EventRounds "9"]
[EventCountry "CRO"]
[SourceTitle "EXT 2014"]
[Source "ChessBase"]
[SourceDate "2013.11.20"]
[SourceVersion "1"]
[SourceVersionDate "2013.11.20"]
[SourceQuality "1"]
[WhiteTeam "Makarska"]
[BlackTeam "Zadar"]
[WhiteTeamCountry "CRO"]
[BlackTeamCountry "CRO"]

1. c4 Nf6 2. d4 Nc6 3. Nc3 e5 4. d5 Ne7 5. e4 Ng6 6. Be3 Bb4 7. f3 Bxc3+ 8. bxc3 0-0 9. Bd3 d6 10. Ne2 Nd7 11. 0-0 Nc5 12. Bxc5 dxc5 13. g3 Qg5 14. Qc1 Qxc1 15. Raxc1 f5 16. Kg2 f4 17. g4 Nh4+ 18. Kf2 g5 19. Rb1 Rf6 20. Rb5 b6 21. Rd1 h5 22. h3 Kf7 23. Nc1 Rh6 24. Bf1 Bd7 25. Rb1 Ke7 26. Nd3 Kd6 27. Ne1 Rah8 28. Rd3 Ba4 29. Rb2 Ng6 30. Rdd2 Ne7 31. Kg1 Ng8 32. Nd3 hxg4 33. fxg4 Rxh3 34. Bxh3 Rxh3 35. Nf2 Rxc3 36. Rd3 Rxc4 37. Rh3 Rc1+ 38. Kg2 c4 39. Rh1 Rxh1 40. Kxh1 Kc5 41. Kg2 Nf6 42. Kf3 c3 43. Rb1 Kc4 44. a3 a5 45. Rh1 c2 46. Ke2 Kd4 47. Kd2 Nxe4+ 48. Nxe4 Kxe4 49. Rh5 Kf3 50. Rxg5 e4 51. Rg7 e3+ 52. Kc1 e2 0-1

[Event "Split SDZ op"]
[Site "Split"]
[Date "2012.03.20"]
[Round "4"]
[White "Vujcic, Toni"]
[Black "Saric, Branko"]
[Result "1-0"]
[WhiteElo "2119"]
[BlackElo "1925"]
[PlyCount "97"]
[EventDate "2012.03.17"]
[EventType "swiss"]
[EventRounds "9"]
[EventCountry "CRO"]
[SourceTitle "EXT 2013"]
[Source "ChessBase"]
[SourceDate "2012.11.22"]
[SourceVersion "1"]
[SourceVersionDate "2012.11.22"]
[SourceQuality "1"]

1. Nf3 Nf6 2. d4 g6 3. g3 Bg7 4. Bg2 0-0 5. c4 d5 6. 0-0 c6 7. Nc3 Na6 8. cxd5 Nxd5 9. e4 Nxc3 10. bxc3 Bg4 11. h3 Be6 12. Be3 Qc8 13. Ng5 Bc4 14. Re1 Rd8 15. f4 e5 16. fxe5 Bxe5 17. Qf3 Bg7 18. Bf1 Be6 19. Nxe6 Qxe6 20. Rab1 b5 21. d5 cxd5 22. exd5 Qxd5 23. Qxd5 Rxd5 24. Bg2 Rad8 25. Bxd5 Rxd5 26. Red1 Nc7 27. Bxa7 Rxd1+ 28. Rxd1 Bxc3 29. Rd8+ Kg7 30. Rc8 Be5 31. Kg2 Ne6 32. Bb6 h5 33. Be3 f6 34. Rc6 Kf7 35. Rb6 Nc7 36. Rb7 Ke6 37. Bd4 Bxd4 38. Rxc7 Kd5 39. Rg7 Kc4 40. Rxg6 b4 41. Rh6 Kc3 42. Rxh5 Kb2 43. Rb5 Bc3 44. a4 b3 45. a5 Kc2 46. a6 Bd4 47. h4 Kc3 48. h5 Kc4 49. Rxb3 1-0

[Event "Split SDZ op"]
[Site "Split"]
[Date "2012.03.17"]
[Round "1"]
[White "Simunic, Neno"]
[Black "Vujcic, Toni"]
[Result "1/2-1/2"]
[WhiteElo "1771"]
[BlackElo "2119"]
[PlyCount "102"]
[EventDate "2012.03.17"]
[EventType "swiss"]
[EventRounds "9"]
[EventCountry "CRO"]
[SourceTitle "EXT 2013"]
[Source "ChessBase"]
[SourceDate "2012.11.22"]
[SourceVersion "1"]
[SourceVersionDate "2012.11.22"]
[SourceQuality "1"]

1. d4 Nf6 2. c4 g6 3. Nc3 Bg7 4. e4 d6 5. Be2 0-0 6. Bg5 c6 7. Nf3 Nbd7 8. 0-0 e5 9. dxe5 dxe5 10. Qc2 Qe7 11. h3 h6 12. Be3 Nh5 13. Qc1 Kh7 14. Nh2 Nhf6 15. Ng4 Nxg4 16. Bxg4 Nc5 17. Bxc8 Raxc8 18. Qc2 Rcd8 19. Rad1 Ne6 20. Bxa7 b5 21. Bb6 Rb8 22. Be3 bxc4 23. Ne2 Qb4 24. Rd2 Rfd8 25. Rfd1 Rd3 26. Rxd3 cxd3 27. Qxd3 Qxb2 28. Rd2 Qa1+ 29. Kh2 c5 30. Qc3 Qb1 31. Qc2 Qb4 32. Rd5 Nd4 33. Bxd4 cxd4 34. Nc1 Qb2 35. Qxb2 Rxb2 36. f3 Rc2 37. Nd3 Rxa2 38. Nxe5 Bxe5+ 39. Rxe5 d3 40. Rd5 d2 41. Kg3 Kg7 42. f4 Kf6 43. Kf3 Ke6 44. Ke3 d1Q 45. Rxd1 Rxg2 46. Kf3 Rb2 47. Kg3 Rc2 48. Rd3 h5 49. Ra3 Rc5 50. Kf3 Rc6 51. Rb3 Kf6 1/2-1/2

[Event "EU-chT ICSC 20th"]
[Site "Liverpool"]
[Date "2011.06.10"]
[Round "3"]
[White "Vujcic, Toni"]
[Black "Kovalenko, Vladimir N"]
[Result "1-0"]
[WhiteElo "2127"]
[BlackElo "2165"]
[PlyCount "99"]
[EventDate "2011.06.09"]
[EventType "team-tourn"]
[EventRounds "7"]
[EventCountry "ENG"]
[SourceTitle "CBM 142 Extra"]
[Source "ChessBase"]
[SourceDate "2011.06.27"]
[SourceVersion "1"]
[SourceVersionDate "2011.06.27"]
[SourceQuality "1"]
[WhiteTeam "Zagreb"]
[BlackTeam "Kiev"]
[WhiteTeamCountry "CRO"]
[BlackTeamCountry "UKR"]

1. d4 Nf6 2. Nf3 g6 3. g3 Bg7 4. Bg2 0-0 5. 0-0 d6 6. c4 Bg4 7. h3 Bxf3 8. Bxf3 Nc6 9. Nc3 Nd7 10. e3 e5 11. d5 Ne7 12. e4 f5 13. b4 f4 14. Bg4 g5 15. Be6+ Kh8 16. c5 Nf6 17. Bb2 Ng6 18. Qe2 a5 19. a3 axb4 20. axb4 Rxa1 21. Rxa1 fxg3 22. fxg3 Qe7 23. Qe3 Nd7 24. Ba3 Ra8 25. Nb5 Ndf8 26. Bf5 Qd8 27. cxd6 cxd6 28. Rc1 Bf6 29. Rc7 Ne7 30. Bg4 Rb8 31. Qb6 Nc8 32. Bxc8 Rxc8 33. Rxb7 Qxb6+ 34. Rxb6 Be7 35. Rc6 Ra8 36. Bb2 Rb8 37. Nxd6 Rxb4 38. Bxe5+ Kg8 39. Nf5 Kf7 40. Rc7 Ng6 41. Nxe7 Rb1+ 42. Kf2 Nxe5 43. Nc6+ Kf6 44. Nxe5 Kxe5 45. Re7+ Kd4 46. d6 Kc5 47. d7 Rd1 48. e5 h5 49. e6 Kc6 50. Re8 1-0

[Event "Zagreb op-B"]
[Site "Zagreb"]
[Date "2010.02.28"]
[Round "4"]
[White "Vujcic, Toni"]
[Black "Mihalincic, Tomislav"]
[Result "1-0"]
[WhiteElo "2105"]
[BlackElo "2215"]
[PlyCount "77"]
[EventDate "2010.02.25"]
[EventType "swiss"]
[EventRounds "9"]
[EventCountry "CRO"]
[SourceTitle "CBM 135 Extra"]
[Source "ChessBase"]
[SourceDate "2010.05.04"]
[SourceVersion "1"]
[SourceVersionDate "2010.05.04"]
[SourceQuality "1"]

1. Nf3 Nf6 2. c4 g6 3. g3 Bg7 4. Bg2 0-0 5. 0-0 d6 6. d4 Nbd7 7. Nc3 Re8 8. e3 c6 9. b3 Nb6 10. Bb2 Bg4 11. Qc2 Qc8 12. e4 e5 13. dxe5 dxe5 14. c5 Nbd7 15. Nd1 a5 16. a3 Bf8 17. b4 b6 18. cxb6 axb4 19. axb4 Rxa1 20. Bxa1 Bxb4 21. Qc4 Bxf3 22. Bxf3 c5 23. Qb5 Qb7 24. Ne3 Qxb6 25. Qa4 Qe6 26. Rd1 Rc8 27. Qb5 Rb8 28. Qd3 Nb6 29. Qb5 Nbd7 30. Qd3 Re8 31. Nc4 Kg7 32. Nd6 Ra8 33. Nc4 h5 34. Bg2 Ra7 35. Bb2 Kh7 36. h3 Ne8 37. Bf1 f6 38. Bc1 Ba5 39. Nxa5 1-0

[Event "Split op 3rd"]
[Site "Split"]
[Date "2009.02.28"]
[Round "1"]
[White "Vujcic, Toni"]
[Black "Vrankovic, Ivan"]
[Result "1-0"]
[WhiteElo "2129"]
[BlackElo "1751"]
[PlyCount "91"]
[EventDate "2009.02.28"]
[EventType "swiss"]
[EventRounds "9"]
[EventCountry "CRO"]
[SourceTitle "CBM 129 Extra"]
[Source "ChessBase"]
[SourceDate "2009.05.05"]
[SourceVersion "2"]
[SourceVersionDate "2009.05.20"]
[SourceQuality "1"]

1. e4 c6 2. d4 d5 3. e5 c5 4. c3 Nc6 5. Nf3 Bg4 6. Be2 e6 7. Be3 cxd4 8. cxd4 Bb4+ 9. Nc3 Qa5 10. Qd2 Nge7 11. 0-0 0-0 12. Rfc1 Rac8 13. a3 Bxc3 14. Rxc3 Rc7 15. b4 Qb6 16. Rc5 Bxf3 17. gxf3 a6 18. Rac1 Rfc8 19. Bd3 Ng6 20. f4 Nce7 21. Qc2 Rxc5 22. bxc5 Qd8 23. f5 Nf8 24. Bg5 Qe8 25. f6 gxf6 26. Bxf6 Neg6 27. Qd2 Nd7 28. Qg5 Nxf6 29. exf6 Kh8 30. h4 Qg8 31. Kh1 Nf8 32. Qh6 Ng6 33. h5 Qf8 34. Qg5 h6 35. Qe3 Nh4 36. Rg1 Nf5 37. Bxf5 exf5 38. Rg7 Qxg7 39. fxg7+ Kxg7 40. Qe5+ Kg8 41. Qxd5 Re8 42. Qxb7 Re1+ 43. Kg2 Ra1 44. c6 Rxa3 45. c7 Rc3 46. c8Q+ 1-0

[Event "Solin op"]
[Site "Solin"]
[Date "2007.01.24"]
[Round "5"]
[White "Batinic, Josip"]
[Black "Vujcic, Toni"]
[Result "0-1"]
[WhiteElo "1922"]
[BlackElo "2142"]
[PlyCount "68"]
[EventDate "2007.01.20"]
[EventType "swiss"]
[EventRounds "9"]
[EventCountry "CRO"]
[SourceTitle "CBM 116 Extra"]
[Source "ChessBase"]
[SourceDate "2007.03.07"]
[SourceVersion "1"]
[SourceVersionDate "2007.03.07"]
[SourceQuality "1"]

1. d4 Nf6 2. Nf3 g6 3. e3 Bg7 4. Bd3 0-0 5. 0-0 d6 6. b3 e5 7. dxe5 dxe5 8. e4 Nc6 9. Bb2 Nh5 10. Nc3 Nf4 11. Bb5 Nd4 12. Ba3 Bg4 13. Kh1 Bxf3 14. gxf3 Qg5 15. Rg1 Qh5 16. Rg3 Rfd8 17. Bd3 c6 18. Bc5 Nxc2 19. Qxc2 Rxd3 20. Be3 Rad8 21. Ne2 Bh6 22. Ng1 Bg5 23. Qc5 f6 24. Qxa7 R8d7 25. Qb8+ Kf7 26. Bc5 Ne6 27. Rh3 Bh4 28. Be3 g5 29. Ne2 g4 30. Rxh4 Qxh4 31. f4 Qh3 32. Ng1 Rd1 33. Rxd1 Rxd1 34. Qxb7+ Kg8 0-1